Catálogo 40 (i.e. Cuarenta) (Record no. 1810)

MARC details
000 -CABECERA
campo de control de longitud fija 00546nam a2200157 a 4500
001 - NÚMERO DE CONTROL
campo de control BRCA_2044
005 - FECHA Y HORA DE LA ÚLTIMA TRANSACCIÓN
campo de control 20190320203640.0
008 - DATOS DE LONGITUD FIJA--INFORMACIÓN GENERAL
campo de control de longitud fija 010808s--------sp-#---###---#000-0#spa-#
050 #4 - SIGNATURA TOPOGRÁFICA DE LA BIBLIOTECA DEL CONGRESO
Número de clasificación Z701
Número de documento/Ítem .C38
245 10 - MENCIÓN DE TÍTULO
Título Catálogo 40 (i.e. Cuarenta)
Resto del título una selección de libros antiguos y modernos, raros y curiosos de los fondos de Hesperia.
260 ## - PUBLICACIÓN, DISTRIBUCIÓN, ETC.
Lugar de publicación, distribución, etc. Zaragoza, España
Nombre del editor, distribuidor, etc. Hesperia
300 ## - DESCRIPCIÓN FÍSICA
Extensión 1 v. (sin paginación)
Dimensiones 21 cm.
650 14 - PUNTO DE ACCESO ADICIONAL DE MATERIA--TÉRMINO DE MATERIA
Término de materia o nombre geográfico como elemento de entrada Libros
Subdivisión de forma Catálogos
Subdivisión general Selección
9 (RLIN) 6242
650 14 - PUNTO DE ACCESO ADICIONAL DE MATERIA--TÉRMINO DE MATERIA
Término de materia o nombre geográfico como elemento de entrada Libros impresos antiguos
Subdivisión de forma Catálogos
9 (RLIN) 6243
942 ## - ELEMENTOS DE PUNTO DE ACCESO ADICIONAL (KOHA)
Fuente del sistema de clasificación o colocación Library of Congress Classification
Tipo de ítem Koha Libros
Holdings
Estado de retiro Estado de pérdida Estado dañado No para préstamo Localización permanente Ubicación/localización actual Fecha de adquisición Total de préstamos Signatura topográfica completa Código de barras Fecha visto por última vez Precio válido a partir de Tipo de ítem Koha
El ejemplar forma parte de la colección y puede ser consultado según las políticas vigentes.       Biblioteca del Museo Franz Mayer (Rogerio Casas-Alatriste) Biblioteca del Museo Franz Mayer (Rogerio Casas-Alatriste) 01/08/2008   Z701 .C38 00459 22/03/2019 22/03/2019 Libros